[Event "VIII MIEDZYNARODOWY TURNIEJ SZACHOWY - GORA SW. ANNY - Open B"]
[Site "GORA SW. ANNY"]
[Date "1899-12-30"]
[Round "1.25"]
[White "Jacek, Nikola"]
[Black "Korcz, Daniel"]
[Result "0-1"]
[WhiteTitle "II+"]
[BlackTitle "I+"]
[WhiteElo "1228"]
[BlackElo "1759"]

1. e4 e5 2. Nf3 Nc6 3. Nc3 Nf6 4. d3 d5 5. Bg5 dxe4 6. Bxf6 Qxf6 7. Nxe4 Qd8 8.
Be2 Be7 9. O-O f5 10. Nc3 Be6 11. Re1 O-O 12. Bf1 Bf6 13. Nd2 Qd7 14. g3 Nd4 15.
Nb3 b6 16. Bg2 Rae8 17. Ne2 c5 18. Nbxd4 exd4 19. Nf4 Bf7 20. Rxe8 Rxe8 21. Qd2
Bg5 22. Re1 Rxe1+ 23. Qxe1 Bxf4 24. gxf4 Qe6 25. Qe5 Qxe5 26. fxe5 g5 27. Bh3
Bg6 28. a4 Kf7 29. c3 Ke6 30. cxd4 cxd4 31. b4 a5 32. bxa5 bxa5 33. Bf1 Be8 34.
Be2 Bxa4 35. Kf1 Kxe5 36. Ke1 Kd6 37. f3 Kc5 38. Kd2 Kb4 39. Kc1 Kc3 40. Bd1 Bxd1
41. Kxd1 Kxd3 42. h3 a4 43. h4 gxh4 44. f4 h3 45. Ke1 h2 46. Kf2 h1=N+ 47. Kg2
Ke3 48. Kxh1 Kf2 49. Kh2 d3 50. Kh3 Kf3 51. Kh2 d2 52. Kh3 d1=Q 53. Kh2 Qe1 54.
Kh3 Qh1# 0-1

[Event "VIII MIEDZYNARODOWY TURNIEJ SZACHOWY - GORA SW. ANNY - Open B"]
[Site "GORA SW. ANNY"]
[Date "1899-12-30"]
[Round "2.1"]
[White "Smal, Tobiasz"]
[Black "Garbowski, Jakub"]
[Result "1/2-1/2"]
[WhiteTitle "I++"]
[BlackTitle "I+"]
[WhiteElo "1994"]
[BlackElo "1781"]

1. e4 e5 2. Nf3 Nc6 3. Bb5 a6 4. Ba4 Nf6 5. O-O Be7 6. Re1 b5 7. Bb3 d6 8. c3 O-O
9. d4 Bb7 10. Nbd2 Re8 11. Ng5 Rf8 12. Nf1 h6 13. Nf3 Re8 14. Ng3 Bf8 15. Bc2
g6 16. a4 Bg7 17. Bd3 exd4 18. axb5 axb5 19. Rxa8 Qxa8 20. cxd4 Qa5 21. d5 Ne5
22. Nxe5 Rxe5 23. Bd2 Qb6 24. Be3 c5 25. dxc6 Qxc6 26. Qb3 Qe8 27. Bf4 Re6 28.
Bxb5 Qa8 29. f3 d5 30. e5 d4 31. Bd2 Nd5 32. f4 Ne3 33. Bxe3 dxe3 34. Bc4 Re7
35. Re2 Qa1+ 36. Nf1 g5 37. Qxe3 Qa5 38. e6 fxe6 39. Bxe6+ Kh8 40. fxg5 Qxg5 41.
Qxg5 hxg5 42. Bc4 Rxe2 43. Bxe2 Bd4+ 44. Kh1 Bxb2 45. Bf3 Ba6 1/2-1/2

[Event "VIII MIEDZYNARODOWY TURNIEJ SZACHOWY - GORA SW. ANNY - Open B"]
[Site "GORA SW. ANNY"]
[Date "1899-12-30"]
[Round "2.2"]
[White "Trepkowski, Piotr"]
[Black "Czempiel, Henryk"]
[Result "1-0"]
[WhiteTitle "I"]
[BlackTitle "I"]
[WhiteElo "1772"]
[BlackElo "1979"]

1. e4 e5 2. Nf3 Nc6 3. Bc4 Nf6 4. O-O Nxe4 5. d4 d5 6. Bb5 exd4 7. Nxd4 Bd7 8.
Re1 Nxd4 9. Bxd7+ Qxd7 10. Qxd4 Bc5 11. Qxc5 O-O-O 12. Qxa7 Qc6 13. Nc3 Nc5 14.
Bf4 b6 15. Rad1 Ne6 16. Bg3 h5 17. h4 g5 18. Qa6+ Kb8 19. Nb5 Rd7 20. Rd3 gxh4
21. Qa7+ Kc8 22. Ra3 Rh6 23. Bxh4 Rg6 24. Nd4 Qb7 25. Qxb7+ Kxb7 26. Nxe6 fxe6
27. Rg3 Rdg7 28. Rxg6 Rxg6 29. Re5 1-0

[Event "VIII MIEDZYNARODOWY TURNIEJ SZACHOWY - GORA SW. ANNY - Open B"]
[Site "GORA SW. ANNY"]
[Date "1899-12-30"]
[Round "2.3"]
[White "Kalmuk, Krzysztof"]
[Black "Kokoszczynski, Jan"]
[Result "0-1"]
[WhiteTitle "I+"]
[BlackTitle "I"]
[WhiteElo "1939"]
[BlackElo "1765"]

1. Nf3 d5 2. d4 Bf5 3. c4 e6 4. Nc3 c6 5. g3 Nd7 6. cxd5 exd5 7. Bg2 Bd6 8. O-O
Ngf6 9. Nh4 Bg6 10. Bg5 Qb6 11. Nxg6 hxg6 12. Qd3 O-O 13. b3 Rfe8 14. Rac1 Bb4
15. Bf4 Qa5 16. a4 Nh5 17. Be3 Re7 18. Na2 Rae8 19. Nxb4 Qxb4 20. Bd2 Qd6 21.
e3 f5 22. Rc2 Nhf6 23. Rfc1 Ne4 24. Be1 Kh8 25. b4 Nb6 26. b5 Nc4 27. Qb3 Qe6
28. Bb4 Rc7 29. Bf1 cxb5 30. axb5 Rec8 31. Be2 Kh7 32. Kg2 Ng5 33. Bd3 Ne4 34.
h4 Nf6 35. Be2 Qe4+ 36. Kg1 Nxe3 0-1

[Event "VIII MIEDZYNARODOWY TURNIEJ SZACHOWY - GORA SW. ANNY - Open B"]
[Site "GORA SW. ANNY"]
[Date "1899-12-30"]
[Round "2.4"]
[White "Korcz, Daniel"]
[Black "Wielosz, Jaroslaw"]
[Result "0-1"]
[WhiteTitle "I+"]
[BlackTitle "I"]
[WhiteElo "1759"]
[BlackElo "1939"]

1. e4 e5 2. Nf3 Nc6 3. Bc4 Bc5 4. c3 Nf6 5. b4 Be7 6. d3 a6 7. O-O O-O 8. Re1 d6
9. a4 h6 10. Nbd2 Nh7 11. Nf1 Ng5 12. Ne3 Kh8 13. h3 Be6 14. Nd5 Rc8 15. Nxe7
Nxf3+ 16. Qxf3 Qxe7 17. Bxe6 Qxe6 18. Qg3 f5 19. f4 Qb3 20. Ra3 Qf7 21. b5 exf4
22. Bxf4 Ne7 23. Raa1 g5 24. Bd2 f4 25. Qf2 axb5 26. Qd4+ Kh7 27. axb5 Ng6 28.
Rf1 Ne5 29. c4 Qe6 30. Ra3 f3 31. Qf2 Rf7 32. Kh2 fxg2 33. Qxg2 Rcf8 34. Rxf7+
Rxf7 35. Be3 Nf3+ 36. Kh1 Ne1 37. Qg4 Qxg4 38. hxg4 Nc2 39. Ra7 Nxe3 40. Rxb7
Kg7 41. b6 cxb6 42. Rxb6 Rd7 43. Rc6 Nxg4 44. c5 dxc5 45. Rxc5 Nf2+ 46. Kg2 Nxd3
0-1

[Event "VIII MIEDZYNARODOWY TURNIEJ SZACHOWY - GORA SW. ANNY - Open B"]
[Site "GORA SW. ANNY"]
[Date "1899-12-30"]
[Round "2.5"]
[White "Pytel, Maciej"]
[Black "Kozaczuk, Witold"]
[Result "1-0"]
[WhiteTitle "I"]
[BlackTitle "I"]
[WhiteElo "1728"]
[BlackElo "1877"]

1. e4 c6 2. d4 d5 3. e5 Bf5 4. Nd2 e6 5. Nb3 Ne7 6. h4 h6 7. h5 Nd7 8. Be3 c5 9.
Nxc5 Nxc5 10. dxc5 Nc6 11. Nf3 Bg4 12. c3 Qc7 13. Bb5 Bxf3 14. Qxf3 Qxe5 15. Bxc6+
bxc6 16. O-O Qc7 17. Bd4 e5 18. Bxe5 Qb7 19. b4 O-O-O 20. Bg3 Qd7 21. Qf4 Kb7
22. Rfd1 Rg8 23. c4 g5 24. hxg6 fxg6 25. cxd5 g5 26. dxc6+ Qxc6 27. Qf7+ 1-0

[Event "VIII MIEDZYNARODOWY TURNIEJ SZACHOWY - GORA SW. ANNY - Open B"]
[Site "GORA SW. ANNY"]
[Date "1899-12-30"]
[Round "2.6"]
[White "Sudolski, Sylwester"]
[Black "Miszkielo, Bartosz"]
[Result "1-0"]
[WhiteTitle "II"]
[BlackTitle "I"]
[WhiteElo "1863"]
[BlackElo "1736"]

1. d4 Nf6 2. Nf3 c5 3. e3 cxd4 4. exd4 g6 5. Be2 Bg7 6. O-O O-O 7. c3 d5 8. Nbd2
Nc6 9. Bd3 Nd7 10. Nb3 e5 11. dxe5 Ndxe5 12. Be2 Nxf3+ 13. Bxf3 Be6 14. Be3 Ne5
15. Bd4 Nc4 16. Bxg7 Kxg7 17. Qc1 Qb6 18. Be2 Nd6 19. h4 Nf5 20. Qf4 Rac8 21.
Bd3 Qd6 22. Qg4 h5 23. Qe2 Nxh4 24. Qe3 Bf5 25. Rfd1 Bxd3 26. Rxd3 Nf5 27. Qxa7
Ra8 28. Qc5 Qxc5 29. Nxc5 b6 30. Nd7 Rfd8 31. Rxd5 Ne7 32. Rd4 Nf5 33. Rd5 Ne7
34. Rdd1 Ra6 35. a3 f6 36. Rd6 Nc8 37. Rd4 Ra7 38. Nxb6 1-0

[Event "VIII MIEDZYNARODOWY TURNIEJ SZACHOWY - GORA SW. ANNY - Open B"]
[Site "GORA SW. ANNY"]
[Date "1899-12-30"]
[Round "2.7"]
[White "Marko, Piotr"]
[Black "Marchewka, Jakub"]
[Result "0-1"]
[WhiteTitle "II+"]
[BlackTitle "I"]
[WhiteElo "1704"]
[BlackElo "1848"]

1. e4 e5 2. Nf3 Nc6 3. Bb5 a6 4. Bxc6 dxc6 5. d4 exd4 6. Qxd4 Bg4 7. Nbd2 Qxd4
8. Nxd4 O-O-O 9. Ne2 g5 10. Nf1 h6 11. Ne3 Be6 12. Bd2 Bg7 13. O-O-O Ne7 14. g4
Ng6 15. Nf5 Be5 16. h4 Bxf5 17. gxf5 Nf4 18. Nxf4 gxf4 19. Rhg1 Rhg8 20. b3 h5
21. Rg5 Rh8 22. f3 c5 23. f6 Bxf6 24. Rf5 Bxh4 25. Rxf7 Bg3 26. Rh1 Rd7 27. Rf5
h4 28. Bxf4 Rg8 29. Rh3 b6 30. Bg5 Rxg5 0-1

[Event "VIII MIEDZYNARODOWY TURNIEJ SZACHOWY - GORA SW. ANNY - Open B"]
[Site "GORA SW. ANNY"]
[Date "1899-12-30"]
[Round "2.8"]
[White "Pacan-milej, Kosma"]
[Black "Strzelecki, Maciej"]
[Result "1/2-1/2"]
[WhiteTitle "I"]
[BlackTitle "II+"]
[WhiteElo "1840"]
[BlackElo "1606"]

1. d4 Nf6 2. c4 g6 3. Nc3 Bg7 4. e4 d6 5. Be2 O-O 6. Bg5 c5 7. d5 h6 8. Be3 e6
9. Qd2 exd5 10. exd5 Kh7 11. h3 Re8 12. Nf3 Bf5 13. O-O Qb6 14. Ne1 Ne4 15. Nxe4
Bxe4 16. Nd3 Nd7 17. Rab1 Ne5 18. b3 Nxd3 19. Bxd3 Bxd3 20. Qxd3 Qa5 21. Qc2 Qc3
22. Qxc3 Bxc3 23. Bf4 Be5 24. Be3 a5 25. Bd2 b6 26. Rfe1 Bd4 27. Bf4 Be5 28. Bxe5
Rxe5 29. Rxe5 dxe5 30. a3 Kg7 31. Kf1 Kf6 32. Ke2 Ke7 33. Kd3 f5 34. Kc3 Kd6 35.
f4 Re8 36. Re1 e4 37. g4 Rf8 38. gxf5 gxf5 39. Rg1 Ke7 40. h4 Kf7 41. h5 Rg8 1/2-1/2

[Event "VIII MIEDZYNARODOWY TURNIEJ SZACHOWY - GORA SW. ANNY - Open B"]
[Site "GORA SW. ANNY"]
[Date "1899-12-30"]
[Round "2.9"]
[White "Pytel, Przemyslaw"]
[Black "Krawiecki, Stanislaw"]
[Result "0-1"]
[WhiteTitle "II+"]
[BlackTitle "I"]
[WhiteElo "1638"]
[BlackElo "1814"]

1. e4 e5 2. Nf3 Nc6 3. Bc4 Nf6 4. d3 Bc5 5. c3 O-O 6. O-O d6 7. Bb3 Kh8 8. Bg5
h6 9. Be3 Bxe3 10. fxe3 d5 11. exd5 Nxd5 12. Qe2 f5 13. c4 Ndb4 14. Rd1 f4 15.
a3 Na6 16. Bc2 Bg4 17. Rf1 fxe3 18. Qxe3 Bxf3 19. Rxf3 Rxf3 20. gxf3 Qd4 21. Qxd4
Nxd4 22. Bd1 Rf8 23. Kf2 Nc5 24. Ke3 Rd8 25. b4 Nf5+ 26. Ke2 Nxd3 27. Nd2 Nf4+
28. Ke1 Ne3 29. Ne4 Nfg2+ 30. Kf2 Rxd1 31. Rxd1 Nxd1+ 32. Kxg2 Ne3+ 33. Kf2 Nxc4
0-1

[Event "VIII MIEDZYNARODOWY TURNIEJ SZACHOWY - GORA SW. ANNY - Open B"]
[Site "GORA SW. ANNY"]
[Date "1899-12-30"]
[Round "2.10"]
[White "Golecki, Jan"]
[Black "Kwiatkowska, Agnieszka"]
[Result "1/2-1/2"]
[WhiteTitle "I"]
[BlackTitle "I"]
[WhiteElo "1798"]
[BlackElo "1556"]

1. e4 c5 2. Nf3 Nc6 3. d4 cxd4 4. Nxd4 e5 5. Nb5 a6 6. Nd6+ Bxd6 7. Qxd6 Qf6 8.
Qxf6 Nxf6 9. Nc3 Nb4 10. Kd1 d5 11. exd5 Bf5 12. Bg5 Bxc2+ 13. Kd2 Bg6 14. Bxf6
gxf6 15. Rc1 Nxd5 16. Nxd5 Rd8 17. Bc4 Be4 18. Ke3 Bxd5 19. Bxd5 Rxd5 20. Rc8+
Rd8 21. Rc7 Rd7 22. Rc8+ Rd8 23. Rhc1 Kd7 24. R1c7+ Ke6 25. Rxd8 Rxd8 26. Rxb7
f5 27. b4 Rd7 28. Rb8 Rd4 29. f3 f4+ 30. Ke2 f5 31. g3 fxg3 32. hxg3 e4 33. fxe4
Rxe4+ 34. Kf3 Rd4 35. Rb7 Rd7 36. Rxd7 Kxd7 37. Kf4 Kc6 38. a4 Kd5 39. Kxf5 Kc4
40. b5 axb5 41. axb5 Kxb5 42. g4 Kc5 43. Ke5 Kc4 44. g5 Kd3 1/2-1/2

[Event "VIII MIEDZYNARODOWY TURNIEJ SZACHOWY - GORA SW. ANNY - Open B"]
[Site "GORA SW. ANNY"]
[Date "1899-12-30"]
[Round "2.11"]
[White "Karykowska, Anna"]
[Black "Oglaza, Oskar"]
[Result "1-0"]
[WhiteTitle "I++"]
[BlackTitle "I"]
[WhiteElo "1605"]
[BlackElo "1792"]

1. e4 c5 2. Nf3 Nc6 3. d4 cxd4 4. Nxd4 Qb6 5. Nb3 Nf6 6. Nc3 e6 7. Bd3 Bb4 8. Bd2
a6 9. O-O O-O 10. Kh1 d6 11. a3 Bxc3 12. Bxc3 e5 13. Qe2 d5 14. exd5 Nxd5 15.
Bxh7+ Kh8 16. Be4 Nf4 17. Qf3 Qc7 18. g3 f5 19. Bxc6 Qxc6 20. Qxc6 bxc6 21. gxf4
e4 22. Rg1 Rf7 23. Rg6 Raa7 24. Rag1 Kh7 25. h3 Rfe7 26. Be5 Be6 27. Nc5 Bd5 28.
Kh2 Bc4 29. b3 Be2 30. Ne6 Bh5 31. Rxg7+ Rxg7 32. Rxg7+ Rxg7 33. Nxg7 Bd1 34.
Nxf5 Bxc2 35. Nd4 Bd1 36. b4 Ba4 37. Kg3 Kg6 38. f5+ Kg5 39. f6 Kg6 40. Kf4 Kf7
41. Kxe4 c5 42. bxc5 a5 43. c6 Ke8 44. h4 Bd1 45. c7 Bg4 46. Nf5 Bxf5+ 47. Kxf5
Kf7 48. c8=Q 1-0

[Event "VIII MIEDZYNARODOWY TURNIEJ SZACHOWY - GORA SW. ANNY - Open B"]
[Site "GORA SW. ANNY"]
[Date "1899-12-30"]
[Round "2.13"]
[White "Tabola, Marcin"]
[Black "Majocha, Piotr"]
[Result "1-0"]
[WhiteTitle "I++"]
[BlackTitle "II"]
[WhiteElo "1986"]
[BlackElo "1475"]

1. d4 Nf6 2. c4 g6 3. Nc3 d5 4. Nf3 Bg7 5. Qb3 c6 6. Bg5 dxc4 7. Qxc4 O-O 8. e4
Be6 9. Qb4 Qc7 10. e5 Nd5 11. Nxd5 cxd5 12. Qxe7 Qb6 13. Qa3 Nc6 14. Rd1 Rfc8
15. Be2 Bf8 16. Qb3 Bb4+ 17. Bd2 Bxd2+ 18. Rxd2 Qxb3 19. axb3 Na5 20. Bd1 Rc1
21. O-O Rac8 22. Ne1 Bf5 23. Nd3 Bxd3 24. Rxd3 Rb1 25. Bf3 Rxb2 26. Bxd5 Rd8 27.
Bf3 Rxb3 28. Rfd1 Rxd3 29. Rxd3 Nc6 30. Bxc6 bxc6 31. Kf1 Kf8 32. Ke2 Ke7 33.
Ke3 h5 34. Ra3 Ra8 35. Kd3 Kd7 36. Kc4 Kc7 37. Kc5 Kb7 38. Rb3+ Kc7 39. Rf3 Rf8
40. Rf6 Kd7 41. Rd6+ Kc7 42. Rxc6+ Kd7 43. Ra6 Rc8+ 44. Kd5 Rc7 45. f4 Ke7 46.
Ra2 Rd7+ 47. Ke4 Ke6 48. g3 Ke7 49. h3 Ke6 50. g4 hxg4 51. hxg4 Ke7 52. f5 gxf5+
53. gxf5 Rb7 54. Ra6 Ke8 55. Kd5 Kd7 56. e6+ fxe6+ 57. fxe6+ Ke7 58. Ke5 Ke8 59.
d5 Rc7 60. Ra2 Rb7 61. Rh2 Rb5 62. Rh8+ Ke7 63. Rh7+ Ke8 64. Rxa7 Rc5 65. Kf6
Rxd5 66. Ra8+ Rd8 67. Rxd8+ Kxd8 68. Kf7 1-0

[Event "VIII MIEDZYNARODOWY TURNIEJ SZACHOWY - GORA SW. ANNY - Open B"]
[Site "GORA SW. ANNY"]
[Date "1899-12-30"]
[Round "2.14"]
[White "Bartoszewicz, Marcin"]
[Black "Powalka, Michal"]
[Result "1-0"]
[WhiteTitle "I+"]
[BlackTitle "I++"]
[WhiteElo "1968"]
[BlackElo "1820"]

1. e4 e5 2. Nf3 Nc6 3. Bb5 a6 4. Ba4 Nf6 5. O-O Be7 6. Re1 b5 7. Bb3 O-O 8. h3
d6 9. c3 Nb8 10. d4 Nbd7 11. Nbd2 Bb7 12. Bc2 Re8 13. Nf1 Bf8 14. Ng3 h6 15. b3
c6 16. Bb2 Qc7 17. Qd3 c5 18. d5 Nb6 19. c4 b4 20. Nd2 Nbd7 21. Rf1 Bc8 22. Qe3
Qd8 23. f4 Ra7 24. Nf5 Nh5 25. fxe5 Nxe5 26. g4 Bxf5 27. Rxf5 g6 28. Rxe5 dxe5
29. gxh5 Kh7 30. Nf3 Qd6 31. hxg6+ fxg6 32. Rf1 Qc7 33. Nxe5 1-0

[Event "VIII MIEDZYNARODOWY TURNIEJ SZACHOWY - GORA SW. ANNY - Open B"]
[Site "GORA SW. ANNY"]
[Date "1899-12-30"]
[Round "2.15"]
[White "Rogacka, Natalia"]
[Black "Parol, Pola"]
[Result "1/2-1/2"]
[WhiteTitle "II+"]
[BlackTitle "I++"]
[WhiteElo "1481"]
[BlackElo "1672"]

1. e4 c6 2. d4 d5 3. Nc3 dxe4 4. Nxe4 Nf6 5. Nxf6+ exf6 6. Nf3 Bd6 7. Be3 O-O 8.
Be2 Qb6 9. Qc1 Bg4 10. O-O Nd7 11. Re1 f5 12. d5 c5 13. b3 Nf6 14. c4 Qc7 15.
h3 Bh5 16. Bd2 Ne4 17. Bc3 Nxc3 18. Qxc3 Bxf3 19. Bxf3 f6 20. Qc2 Be5 21. Rad1
g6 22. Re2 Qd6 23. Rde1 a5 24. a4 f4 25. Bg4 Rae8 26. Be6+ Kg7 27. Qb1 Rh8 28.
Qe4 Re7 29. Qc2 Kf8 30. Qd2 b6 31. Qc2 Ke8 32. Kf1 Kd8 33. Rd2 Kc7 34. Ke2 Bd4
35. Kd1 f5 36. Qd3 Qd8 37. Kc2 Qf8 38. Rde2 Qf6 39. Qf3 1/2-1/2

[Event "VIII MIEDZYNARODOWY TURNIEJ SZACHOWY - GORA SW. ANNY - Open B"]
[Site "GORA SW. ANNY"]
[Date "1899-12-30"]
[Round "2.16"]
[White "Milanowski, Jan"]
[Black "Fus, Jakub"]
[Result "1-0"]
[WhiteTitle "I++"]
[BlackTitle "II"]
[WhiteElo "1950"]
[BlackElo "1641"]

1. d4 Nf6 2. Nf3 g6 3. c3 Bg7 4. Bf4 O-O 5. h3 d6 6. Nbd2 Nbd7 7. e3 Re8 8. Be2
e5 9. Bg3 h6 10. O-O Nh5 11. Bh2 f5 12. Ne1 Nhf6 13. Nd3 g5 14. Re1 e4 15. Nc1
Nf8 16. f4 g4 17. h4 Kh7 18. g3 a6 19. a4 Ng8 20. Kg2 Ne7 21. Bg1 Rb8 22. Bf2
b5 23. axb5 axb5 24. Qc2 Be6 25. b4 Nd5 26. Ra5 c6 27. Ncb3 Qf6 28. Rea1 Rec8
29. Ra6 Nd7 30. Na5 c5 31. bxc5 dxc5 32. Nc6 cxd4 33. Nxb8 Nxb8 34. Nxe4 fxe4
35. Qxe4+ Bf5 36. Qxd5 Nxa6 37. Rxa6 Qxa6 38. Qxf5+ Kg8 39. Qd5+ Kh8 40. Bxb5
Qa5 41. cxd4 Qd2 42. Bd7 Rd8 43. Qf5 Qb2 44. Bc6 Rf8 45. Qxg4 Qc2 46. Qf3 Rc8
47. Be4 Qa2 48. Qg4 Rd8 49. Qg6 Kg8 50. g4 Ra8 51. Qh7+ Kf7 52. Qf5+ Ke8 53. Bc6+
Ke7 54. Qd7+ Kf6 55. Bd5 1-0

[Event "VIII MIEDZYNARODOWY TURNIEJ SZACHOWY - GORA SW. ANNY - Open B"]
[Site "GORA SW. ANNY"]
[Date "1899-12-30"]
[Round "2.17"]
[White "Szotkowski, David"]
[Black "Chylewski, Patryk"]
[Result "0-1"]
[WhiteTitle "III"]
[BlackTitle "I++"]
[WhiteElo "1527"]
[BlackElo "1994"]

1. e4 c5 2. Nc3 Nc6 3. f4 g6 4. Nf3 Bg7 5. Bc4 d6 6. d3 e6 7. O-O Nge7 8. Qe1 O-O
9. Bd2 a6 10. a4 d5 11. Bb3 Rb8 12. Qf2 Nd4 13. Nxd4 Bxd4 14. Be3 Bxe3 15. Qxe3
d4 16. Qg3 dxc3 17. bxc3 Bd7 18. Rf3 Kg7 19. Raf1 f5 20. h4 h5 21. Qg5 Ng8 22.
Qg3 Nh6 23. Qf2 Rc8 24. d4 fxe4 25. Re3 c4 26. Ba2 Ng4 0-1

[Event "VIII MIEDZYNARODOWY TURNIEJ SZACHOWY - GORA SW. ANNY - Open B"]
[Site "GORA SW. ANNY"]
[Date "1899-12-30"]
[Round "2.18"]
[White "Tkaczyk, Weronika"]
[Black "Jachym, Adam"]
[Result "0-1"]
[WhiteTitle "I"]
[BlackTitle "I"]
[WhiteElo "1464"]
[BlackElo "1965"]

1. e4 Nf6 2. Nc3 d5 3. f3 e5 4. exd5 Nxd5 5. Qe2 Nc6 6. Nxd5 Qxd5 7. Qc4 Be6 8.
Qxd5 Bxd5 9. b3 Nb4 10. Kd1 O-O-O 11. c3 Nc6 12. Kc2 Be7 13. Bd3 Be6 14. Ne2 Rd7
15. f4 Rhd8 16. Be4 Bg4 17. Re1 exf4 18. Nxf4 Bd6 19. d4 Ne7 20. Nd3 Bf5 21. h3
h6 22. Ne5 Bxe5 23. Bxf5 Nxf5 24. Rxe5 g6 25. g4 Nd6 26. Bd2 f5 27. gxf5 Nxf5
28. Rg1 Rd6 29. Bf4 Rf6 30. Rf1 Rdf8 31. Rg1 g5 32. Bd2 Nh4 33. Rg3 Rf2 34. Kd3
Nf5 35. Rg4 Rf3+ 36. Ke2 Rxh3 37. Rg2 Nh4 38. Rg4 Nf3 39. Re6 Rh2+ 40. Kd3 Nxd2
41. Ke3 Rf3# 0-1

[Event "VIII MIEDZYNARODOWY TURNIEJ SZACHOWY - GORA SW. ANNY - Open B"]
[Site "GORA SW. ANNY"]
[Date "1899-12-30"]
[Round "2.19"]
[White "Charczenko, Dominik"]
[Black "Kulpinski, Piotr"]
[Result "0-1"]
[WhiteTitle "III"]
[BlackTitle "I++"]
[WhiteElo "1444"]
[BlackElo "1948"]

1. e4 c5 2. Nf3 Nc6 3. d4 cxd4 4. Nxd4 g6 5. Bc4 Bg7 6. Nxc6 bxc6 7. O-O d6 8.
c3 Nf6 9. Re1 O-O 10. Bf4 Nd7 11. Nd2 Ne5 12. Bxe5 Bxe5 13. Nf3 Bg7 14. Qb3 e6
15. Rad1 Qc7 16. Qc2 Rb8 17. Bb3 d5 18. Qe2 Rb6 19. e5 Ba6 20. Qe3 Rfb8 21. Rd2
c5 22. Rb1 h5 23. h4 R8b7 24. Ba4 c4 25. Qe2 Bb5 26. Bxb5 Rxb5 27. g3 Ra5 28.
Ra1 Rab5 29. Nd4 R5b6 30. f4 Qb8 31. Rb1 Bf8 32. b4 cxb3 33. axb3 Bc5 34. b4 a5
35. Ra1 axb4 36. cxb4 Rxb4 37. Rad1 Qa7 38. Qf2 Rxd4 39. Rxd4 Rb4 40. Rxb4 Bxf2+
41. Kg2 Qe3 42. Rdb1 Qxg3+ 43. Kf1 Qf3 44. R1b3 Be3+ 45. Ke1 Qf2+ 46. Kd1 Qd2#
0-1

[Event "VIII MIEDZYNARODOWY TURNIEJ SZACHOWY - GORA SW. ANNY - Open B"]
[Site "GORA SW. ANNY"]
[Date "1899-12-30"]
[Round "2.20"]
[White "Jedrocha, Katarzyna"]
[Black "Ochenduszko, Bartosz"]
[Result "1-0"]
[WhiteTitle "I++"]
[BlackTitle "II"]
[WhiteElo "1881"]
[BlackElo "1523"]

1. e4 d6 2. d4 Nf6 3. Nc3 g6 4. f4 Bg7 5. Nf3 O-O 6. Be3 Ng4 7. Bg1 e5 8. fxe5
dxe5 9. d5 f5 10. Bc4 fxe4 11. Nxe4 Kh8 12. Qe2 a6 13. O-O-O b5 14. Bb3 a5 15.
a3 Ba6 16. Nc5 b4 17. Nxa6 Nxa6 18. a4 Qe7 19. h3 Nh6 20. g4 Qf6 21. Nd2 e4 22.
Nc4 Qf3 23. Qxf3 exf3 24. Rf1 Ng8 25. Nd2 Bh6 26. Bd4+ Bg7 27. Nxf3 Bxd4 28. Nxd4
Nc5 29. Ne6 Nxb3+ 30. cxb3 Rf6 31. Kb1 Re8 32. Nxc7 Re7 33. Nb5 Rd7 34. d6 Kg7
35. g5 Rf5 36. h4 h6 37. Rhg1 hxg5 38. hxg5 Kf7 39. Rc1 Re5 40. Rc8 Rf5 41. Ra8
Kg7 42. Rxa5 Kf7 43. Ra8 Rf3 44. a5 Rd3 45. Rf1+ Kg7 46. Rff8 Ne7 47. dxe7 Rxe7
48. Rfd8 Rg3 49. Rd5 Rg2 50. a6 Re1+ 51. Ka2 Reg1 52. Rd7# 1-0

[Event "VIII MIEDZYNARODOWY TURNIEJ SZACHOWY - GORA SW. ANNY - Open B"]
[Site "GORA SW. ANNY"]
[Date "1899-12-30"]
[Round "2.21"]
[White "Domanski, Lukasz"]
[Black "Bogut, Maksymilian"]
[Result "1/2-1/2"]
[WhiteTitle "I"]
[BlackTitle "II"]
[WhiteElo "1878"]
[BlackElo "1445"]

1. e4 e5 2. Nf3 Nc6 3. Nc3 Bc5 4. Bb5 Nf6 5. O-O d6 6. d4 exd4 7. Nxd4 Bd7 8. Nf5
O-O 9. Bg5 Bxf5 10. exf5 Nd4 11. Bd3 d5 12. Bxf6 gxf6 13. Na4 Qd6 14. b4 Bb6 15.
b5 c5 16. c3 c4 17. cxd4 cxd3 18. Qxd3 Rfe8 19. Rfe1 Qb4 20. Rxe8+ Rxe8 21. Nxb6
axb6 22. Kf1 Qb2 23. Re1 Rxe1+ 24. Kxe1 Qa1+ 25. Ke2 Qxa2+ 26. Kf3 Qb2 27. h4
Kg7 28. Kg3 Qb4 29. Kg4 Qb2 30. Kf3 Qb4 31. Kg3 Qb2 32. f4 Qb4 33. Kg4 Qb2 34.
g3 Qb4 35. Kh3 Qe1 36. Qf3 h5 37. Qxd5 Qf1+ 38. Kh2 Qf2+ 39. Kh3 Qf1+ 40. Kh2
1/2-1/2

[Event "VIII MIEDZYNARODOWY TURNIEJ SZACHOWY - GORA SW. ANNY - Open B"]
[Site "GORA SW. ANNY"]
[Date "1899-12-30"]
[Round "2.22"]
[White "Guca, Krzysztof"]
[Black "Stolarski, Adam"]
[Result "1-0"]
[WhiteTitle "I"]
[BlackTitle "II"]
[WhiteElo "1820"]
[BlackElo "1423"]

1. d4 d5 2. c4 e6 3. Nf3 Nf6 4. Nc3 Be7 5. Bf4 O-O 6. e3 a6 7. c5 b6 8. b4 bxc5
9. bxc5 Nc6 10. Rb1 Nh5 11. Ne5 Bd7 12. Nxc6 Bxc6 13. Qxh5 1-0

[Event "VIII MIEDZYNARODOWY TURNIEJ SZACHOWY - GORA SW. ANNY - Open B"]
[Site "GORA SW. ANNY"]
[Date "1899-12-30"]
[Round "2.23"]
[White "Milczarek, Pawel"]
[Black "Czaplewska, Klara"]
[Result "0-1"]
[WhiteTitle "III"]
[BlackTitle "I++"]
[WhiteElo "1360"]
[BlackElo "1720"]

1. e4 e5 2. Nf3 Nc6 3. d4 exd4 4. Bc4 Bc5 5. Nc3 dxc3 6. Qd5 Qe7 7. O-O Nf6 8.
Qg5 O-O 9. Re1 Bxf2+ 10. Kxf2 Nxe4+ 11. Rxe4 Qxe4 12. Bd3 Qe7 13. Bxh7+ Kxh7 14.
Qh5+ Kg8 15. g4 Qf6 16. g5 Qg6 17. Qg4 Qxc2+ 18. Kg3 cxb2 0-1

[Event "VIII MIEDZYNARODOWY TURNIEJ SZACHOWY - GORA SW. ANNY - Open B"]
[Site "GORA SW. ANNY"]
[Date "1899-12-30"]
[Round "2.24"]
[White "Maminski, Hubert"]
[Black "Ostrowski, Zdzislaw"]
[Result "1-0"]
[WhiteTitle "II+"]
[BlackTitle "II"]
[WhiteElo "1654"]
[BlackElo "1253"]

1. d4 Nf6 2. c4 c6 3. Nc3 d5 4. Nf3 h6 5. Bf4 e6 6. e3 Bb4 7. Nd2 O-O 8. Bd3 dxc4
9. Bxc4 Nbd7 10. O-O Nb6 11. Qb3 Bxc3 12. bxc3 Nbd5 13. Bg3 b5 14. Bd3 a5 15.
a3 a4 16. Qc2 Qa5 17. c4 bxc4 18. Nxc4 Qc3 19. Qxc3 Nxc3 20. Rfc1 Ncd5 21. Ne5
Ba6 22. Bxa6 Rxa6 23. Nxc6 Ne4 24. Ne5 Nd2 25. Nd7 Nb3 26. Nxf8 Nxa1 27. Nxe6
fxe6 28. Rxa1 Rc6 29. e4 Nc3 30. f3 Ne2+ 31. Kf1 Nxd4 32. Rd1 Nc2 33. Rd3 Na1
34. Bd6 Nb3 35. Kf2 Kf7 36. Bb4 g5 37. Kg3 Kg6 38. Rd6 Rxd6 39. Bxd6 h5 40. Kf2
Kf6 41. Ke3 e5 42. Kd3 Ke6 43. Bb4 Kd7 44. Kc4 Kc6 45. Bc3 Kd6 46. Kb4 Nc5 47.
Bxe5+ Kc6 48. Bc3 Nd3+ 49. Kxa4 Nf4 50. g3 Ne2 51. Bf6 g4 52. fxg4 hxg4 53. Kb4
Kb6 54. a4 1-0

[Event "VIII MIEDZYNARODOWY TURNIEJ SZACHOWY - GORA SW. ANNY - Open B"]
[Site "GORA SW. ANNY"]
[Date "1899-12-30"]
[Round "2.25"]
[White "Majocha, Tomasz"]
[Black "Kotula, Magdalena"]
[Result "0-1"]
[WhiteTitle "III"]
[BlackTitle "I+"]
[WhiteElo "1244"]
[BlackElo "1594"]

1. e4 c5 2. Nf3 Nc6 3. d4 cxd4 4. Nxd4 Nf6 5. Nc3 e5 6. Ndb5 d6 7. Bg5 a6 8. Bxf6
gxf6 9. Na3 b5 10. Nd5 f5 11. exf5 Bxf5 12. c3 Bg7 13. Nc2 O-O 14. Nce3 Bg6 15.
h4 h6 16. h5 Bh7 17. Rh3 f5 18. Bd3 e4 19. Be2 f4 20. Nxf4 Rxf4 21. Qd5+ Kh8 22.
Qxc6 Rc8 23. Qxa6 Rxc3 24. Rd1 Rc8 25. Rxd6 Rc1+ 26. Kd2 Qc7 27. Nd5 Qc2+ 28.
Ke3 Rf8 29. Qxb5 Rd1 30. Nb4 Qc1+ 0-1

[Event "VIII MIEDZYNARODOWY TURNIEJ SZACHOWY - GORA SW. ANNY - Open B"]
[Site "GORA SW. ANNY"]
[Date "1899-12-30"]
[Round "2.26"]
[White "Karleszko, Karolina"]
[Black "Jacek, Nikola"]
[Result "1-0"]
[WhiteTitle "I+"]
[BlackTitle "II+"]
[WhiteElo "1578"]
[BlackElo "1228"]

1. d4 d5 2. c4 Nf6 3. cxd5 Nxd5 4. e4 Nb6 5. Nc3 g6 6. Be3 Bg7 7. Nf3 O-O 8. Be2
Nc6 9. d5 Ne5 10. Nd4 c5 11. dxc6 Nxc6 12. Nxc6 bxc6 13. Qc2 e5 14. O-O Bb7 15.
Rfd1 Qc7 16. Nd5 Nxd5 17. Rxd5 Qe7 18. Bc5 Qe6 19. Rd6 Qc8 20. Rad1 Re8 21. Rd7
Ba6 22. Qb3 Rf8 23. Bxf8 Qxf8 24. Bxa6 Bh6 25. Bc4 Kh8 26. Rxf7 Qe8 27. Qb7 Qg8
28. Rfd7 Qe8 29. Rxh7# 1-0